Hacia un nuevo orden económico internacional: temas prioritarios para América Latina /
שמור ב:
| מחבר ראשי: | |
|---|---|
| מחברים אחרים: | |
| פורמט: | Texto |
| יצא לאור: |
México D.F.:
Fondo de la cultura económica
|
| תגים: |
הוספת תג
אין תגיות, היה/י הראשונ/ה לתייג את הרשומה!
|
MARC
| LEADER | 00000 a a2200000 04500 | ||
|---|---|---|---|
| 001 | 22638 | ||
| 003 | |||
| 040 | |||
| 020 | |a 968-16-0791-0 | ||
| 090 | |a 155100 | ||
| 100 | |a Ffrench Davis, Ricardo | ||
| 245 | |a Hacia un nuevo orden económico internacional: temas prioritarios para América Latina / |c Ricardo Ffrench Davis | ||
| 260 | |a México D.F.: |b Fondo de la cultura económica | ||
| 300 | |a 305 p. | ||
| 700 | |a Tironi, Ernesto |a comp. | ||
| 999 | |c 13032 |d 13032 | ||



